| 000 | 02212nac a22003131u 4500 | ||
|---|---|---|---|
| 020 | _a0131290053 | ||
| 020 | _a0131287346 : | ||
| 082 |
_a620.103 _bB4114 |
||
| 090 |
_c142 _d142 |
||
| 100 | _aBedford, Anthony | ||
| 245 |
_aEngineering mechanics _bStatics _cAnthony Bedford, Wallace Fowler |
||
| 250 |
_a4edition _binternational edition |
||
| 260 |
_aLondon _bPearson2005 _c2005 |
||
| 650 | _aStatics | ||
| 700 | _aFowler, Wallace | ||
| 942 |
_cBB _k620.103B4114 |
||
| 999 |
_c142 _d142 |
||